[Event "DEM U16 2020"]
[Site "Willingen GER"]
[Date "2020.10.24"]
[Round "7"]
[White "Dahl, Christoph"]
[Black "Köllner, Ruben Gideon"]
[Result "0-1"]
[Termination "normal"]
[Board "1"]
[BlackTitle "FM"]
[WhiteElo "2262"]
[BlackElo "2337"]
[WhiteClock "00:42:18"]
[BlackClock "01:31:14"]
[PlyCount "106"]
[WhiteFideId "16240235"]
[BlackFideId "12993093"]
[EventCountry "GER"]
[EventRounds "7"]
[EventType "swiss"]
[EventDate "2020.10.19"]

1. e4 {[%clk 1:30:57]} d6 {[%clk 1:30:56]} 2. d4 {[%clk 1:31:02]} Nf6 {[%clk
1:31:21]} 3. Nc3 {[%clk 1:30:50]} e5 {[%clk 1:31:46]} 4. Nge2 {[%clk 1:30:50]}
c6 {[%clk 1:32:04]} 5. g3 {[%clk 1:30:20]} b5 {[%clk 1:31:53]} 6. Bg2 {[%clk
1:27:51]} Be7 {[%clk 1:30:33]} 7. O-O {[%clk 1:25:26]} Nbd7 {[%clk 1:30:36]} 8.
f4 {[%clk 1:23:55]} Bb7 {[%clk 1:30:20]} 9. b3 {[%clk 1:12:17]} a5 {[%clk
1:28:07]} 10. Bb2 {[%clk 1:08:03]} O-O {[%clk 1:27:15]} 11. Qd2 {[%clk
1:04:23]} Re8 {[%clk 1:27:09]} 12. Kh1 {[%clk 1:01:33]} Bf8 {[%clk 1:27:07]}
13. Rad1 {[%clk 1:01:31]} exd4 {[%clk 1:24:58]} 14. Nxd4 {[%clk 0:58:38]} b4
{[%clk 1:25:19]} 15. Na4 {[%clk 0:57:33]} Nxe4 {[%clk 1:25:25]} 16. Qc1 {[%clk
0:56:56]} d5 {[%clk 1:23:28]} 17. Nf3 {[%clk 0:50:17]} Ba6 {[%clk 1:23:42]} 18.
Ne5 {[%clk 0:49:12]} Nxe5 {[%clk 1:23:36]} 19. fxe5 {[%clk 0:48:56]} Bxf1
{[%clk 1:23:48]} 20. Rxf1 {[%clk 0:48:56]} Qg5 {[%clk 1:23:36]} 21. Qe1 {[%clk
0:45:09]} Qd2 {[%clk 1:23:40]} 22. Bxe4 {[%clk 0:45:13]} Qxe1 {[%clk 1:24:04]}
23. Rxe1 {[%clk 0:45:38]} dxe4 {[%clk 1:24:31]} 24. Rxe4 {[%clk 0:46:02]} Rad8
{[%clk 1:24:52]} 25. Bd4 {[%clk 0:44:55]} Rd5 {[%clk 1:24:44]} 26. Nb6 {[%clk
0:44:51]} Rxd4 {[%clk 1:24:56]} 27. Rxd4 {[%clk 0:44:57]} Bc5 {[%clk 1:25:24]}
28. Rc4 {[%clk 0:44:54]} Bxb6 {[%clk 1:25:49]} 29. Rxc6 {[%clk 0:45:20]} Bd8
{[%clk 1:24:21]} 30. c3 {[%clk 0:45:00]} bxc3 {[%clk 1:24:27]} 31. Rxc3 {[%clk
0:45:25]} Rxe5 {[%clk 1:24:53]} 32. Rc8 {[%clk 0:44:42]} Rd5 {[%clk 1:25:17]}
33. a3 {[%clk 0:44:31]} Kf8 {[%clk 1:25:25]} 34. Rb8 {[%clk 0:44:43]} Ke7
{[%clk 1:25:42]} 35. b4 {[%clk 0:44:00]} Bc7 {[%clk 1:25:36]} 36. Rc8 {[%clk
0:42:30]} Bd6 {[%clk 1:25:45]} 37. Rg8 {[%clk 0:42:19]} g6 {[%clk 1:26:09]} 38.
Rh8 {[%clk 0:42:17]} h5 {[%clk 1:26:35]} 39. Rc8 {[%clk 0:42:19]} axb4 {[%clk
1:26:58]} 40. axb4 {[%clk 0:42:42]} Bxb4 {[%clk 1:27:21]} 41. Rc6 {[%clk
0:42:55]} Bd6 {[%clk 1:27:39]} 42. Rc2 {[%clk 0:43:00]} Ke6 {[%clk 1:28:01]}
43. Kg2 {[%clk 0:43:15]} f5 {[%clk 1:28:12]} 44. Rb2 {[%clk 0:43:14]} g5 {[%clk
1:28:29]} 45. Re2+ {[%clk 0:42:23]} Be5 {[%clk 1:28:44]} 46. Rc2 {[%clk
0:42:15]} f4 {[%clk 1:29:06]} 47. gxf4 {[%clk 0:42:19]} gxf4 {[%clk 1:29:23]}
48. Ra2 {[%clk 0:41:45]} Kf5 {[%clk 1:29:49]} 49. Ra4 {[%clk 0:42:06]} Rd2+
{[%clk 1:29:39]} 50. Kf3 {[%clk 0:42:30]} Rd3+ {[%clk 1:30:06]} 51. Kg2 {[%clk
0:42:24]} Kg4 {[%clk 1:30:26]} 52. Ra2 {[%clk 0:42:03]} f3+ {[%clk 1:30:49]}
53. Kf1 {[%clk 0:42:18]} Rd1+ {[%clk 1:31:14]} 0-1

[Event "DEM U16 2020"]
[Site "Willingen GER"]
[Date "2020.10.24"]
[Round "7"]
[White "Boder, Jan"]
[Black "Kolb, Tobias"]
[Result "0-1"]
[Termination "normal"]
[Board "2"]
[WhiteElo "2155"]
[BlackElo "2268"]
[WhiteClock "00:15:24"]
[BlackClock "00:32:32"]
[PlyCount "82"]
[WhiteFideId "16243226"]
[BlackFideId "12992321"]
[EventCountry "GER"]
[EventRounds "7"]
[EventType "swiss"]
[EventDate "2020.10.19"]

1. c4 c6 2. Nf3 d5 3. e3 {[%clk 1:31:42]} e6 {[%clk 1:28:11]} 4. Nc3 {[%clk
1:31:57]} Nf6 {[%clk 1:28:02]} 5. b3 {[%clk 1:32:10]} b6 {[%clk 1:25:15]} 6.
Bb2 {[%clk 1:31:55]} Bb7 {[%clk 1:24:57]} 7. Qc2 {[%clk 1:31:44]} Be7 {[%clk
1:23:34]} 8. Be2 {[%clk 1:29:25]} O-O {[%clk 1:23:47]} 9. Rg1 {[%clk 1:26:25]}
c5 {[%clk 1:19:30]} 10. Ne5 {[%clk 1:21:22]} d4 {[%clk 1:04:05]} 11. exd4
{[%clk 1:20:00]} cxd4 {[%clk 1:04:21]} 12. Nb5 {[%clk 1:19:11]} Bc5 13. a3
{[%clk 1:14:14]} a6 {[%clk 1:01:45]} 14. b4 {[%clk 1:12:55]} axb5 {[%clk
1:00:04]} 15. bxc5 {[%clk 1:13:17]} bxc5 {[%clk 0:54:32]} 16. cxb5 {[%clk
1:13:07]} Nbd7 {[%clk 0:53:34]} 17. Nc4 {[%clk 1:03:24]} Nb6 {[%clk 0:50:08]}
18. a4 {[%clk 1:01:42]} Nfd5 {[%clk 0:41:29]} 19. a5 {[%clk 0:52:58]} Nb4
{[%clk 0:40:50]} 20. Qb3 {[%clk 0:51:45]} Nxc4 {[%clk 0:39:00]} 21. Qxc4 {[%clk
0:30:22]} Qd6 {[%clk 0:38:22]} 22. Bf3 {[%clk 0:23:58]} Bd5 {[%clk 0:36:42]}
23. Bxd5 {[%clk 0:18:11]} exd5 {[%clk 0:36:50]} 24. Qb3 {[%clk 0:18:24]} c4
{[%clk 0:37:13]} 25. Qg3 {[%clk 0:18:35]} Qxg3 {[%clk 0:33:48]} 26. hxg3 {[%clk
0:18:45]} Nd3+ {[%clk 0:33:25]} 27. Kd1 {[%clk 0:18:58]} Nxb2+ {[%clk 0:33:36]}
28. Kc2 {[%clk 0:19:25]} Nd3 {[%clk 0:33:58]} 29. Rgb1 {[%clk 0:18:32]} Nc5
{[%clk 0:30:17]} 30. a6 {[%clk 0:17:53]} Rfb8 {[%clk 0:29:56]} 31. a7 {[%clk
0:16:52]} Rb6 {[%clk 0:29:47]} 32. Ra5 {[%clk 0:15:20]} Kf8 {[%clk 0:30:02]}
33. Rh1 {[%clk 0:14:31]} h6 {[%clk 0:30:26]} 34. Rb1 {[%clk 0:14:59]} Ke7
{[%clk 0:30:17]} 35. f3 {[%clk 0:14:44]} Kd6 {[%clk 0:30:29]} 36. Rb4 {[%clk
0:14:33]} Nb3 {[%clk 0:30:34]} 37. Rxb3 {[%clk 0:13:45]} cxb3+ {[%clk 0:31:00]}
38. Kxb3 {[%clk 0:14:12]} Kc5 {[%clk 0:31:20]} 39. Ka4 {[%clk 0:14:39]} Rb7
{[%clk 0:31:46]} 40. b6+ {[%clk 0:14:57]} Kxb6 {[%clk 0:32:12]} 41. Rxd5 {[%clk
0:15:24]} Raxa7+ {[%clk 0:32:32]} 0-1

[Event "DEM U16 2020"]
[Site "Willingen GER"]
[Date "2020.10.24"]
[Round "7"]
[White "Deuer, Marius"]
[Black "Kölle, Tobias"]
[Result "1/2-1/2"]
[Termination "normal"]
[Board "3"]
[WhiteElo "2209"]
[BlackElo "2323"]
[WhiteClock "00:01:32"]
[BlackClock "00:10:23"]
[PlyCount "144"]
[WhiteFideId "16236432"]
[BlackFideId "16207378"]
[EventCountry "GER"]
[EventRounds "7"]
[EventType "swiss"]
[EventDate "2020.10.19"]

1. e4 {[%clk 1:30:58]} c5 {[%clk 1:30:52]} 2. Nf3 {[%clk 1:31:24]} d6 {[%clk
1:31:19]} 3. Bb5+ {[%clk 1:31:48]} Bd7 {[%clk 1:31:43]} 4. Bxd7+ {[%clk
1:32:12]} Qxd7 {[%clk 1:32:08]} 5. c4 {[%clk 1:32:35]} Nf6 {[%clk 1:32:02]} 6.
Nc3 {[%clk 1:32:48]} g6 {[%clk 1:28:09]} 7. d4 {[%clk 1:31:21]} cxd4 {[%clk
1:28:36]} 8. Qxd4 {[%clk 1:30:45]} Nc6 {[%clk 1:28:14]} 9. Qd3 {[%clk 1:29:13]}
Bg7 {[%clk 1:28:02]} 10. O-O {[%clk 1:26:31]} O-O {[%clk 1:27:47]} 11. Rb1
{[%clk 1:13:08]} Ng4 {[%clk 1:21:10]} 12. b3 {[%clk 1:09:42]} Nce5 {[%clk
1:17:16]} 13. Nxe5 {[%clk 1:05:09]} Nxe5 {[%clk 1:17:34]} 14. Qd2 {[%clk
1:00:36]} f5 {[%clk 0:57:54]} 15. f4 {[%clk 0:56:51]} Nc6 {[%clk 0:56:56]} 16.
Bb2 {[%clk 0:54:10]} Rad8 {[%clk 0:54:57]} 17. Rbd1 {[%clk 0:50:06]} Qe6 {[%clk
0:48:36]} 18. Qd5 {[%clk 0:40:17]} Qf7 {[%clk 0:47:16]} 19. Rfe1 {[%clk
0:32:50]} Bd4+ {[%clk 0:43:27]} 20. Kh1 {[%clk 0:24:25]} e6 {[%clk 0:43:34]}
21. Qb5 {[%clk 0:24:49]} a6 {[%clk 0:43:44]} 22. Qa4 {[%clk 0:25:14]} e5 {[%clk
0:37:14]} 23. Rd2 {[%clk 0:17:34]} fxe4 {[%clk 0:35:12]} 24. Nxe4 {[%clk
0:09:26]} Bxb2 {[%clk 0:33:35]} 25. Rxb2 {[%clk 0:09:45]} Qxf4 {[%clk 0:33:34]}
26. Rf2 {[%clk 0:09:07]} Qh4 {[%clk 0:33:39]} 27. g3 {[%clk 0:09:03]} Qe7
{[%clk 0:34:02]} 28. Rxf8+ {[%clk 0:08:28]} Qxf8 {[%clk 0:33:09]} 29. Qa3
{[%clk 0:07:16]} Qf3+ {[%clk 0:30:46]} 30. Kg1 {[%clk 0:07:45]} Nd4 {[%clk
0:30:34]} 31. Qb2 {[%clk 0:04:55]} Rf8 {[%clk 0:29:38]} 32. Nf2 {[%clk
0:02:09]} Qh5 {[%clk 0:28:28]} 33. Kg2 {[%clk 0:01:47]} Nf3 {[%clk 0:28:50]}
34. Rh1 {[%clk 0:02:15]} Ng5 {[%clk 0:28:40]} 35. g4 {[%clk 0:01:49]} Rxf2+
{[%clk 0:27:22]} 36. Kxf2 {[%clk 0:00:54]} Qh4+ {[%clk 0:26:54]} 37. Kf1 {[%clk
0:00:34]} Qxg4 {[%clk 0:27:10]} 38. Qe2 {[%clk 0:00:34]} Qf5+ {[%clk 0:26:07]}
39. Kg2 {[%clk 0:00:35]} Qh3+ {[%clk 0:25:18]} 40. Kf2 {[%clk 0:00:40]} Qh4+
{[%clk 0:23:54]} 41. Kg2 {[%clk 0:24:16]} Ne6 {[%clk 0:47:49]} 42. Qd1 {[%clk
0:19:26]} Nf4+ {[%clk 0:45:14]} 43. Kf3 {[%clk 0:18:47]} Qh3+ {[%clk 0:43:38]}
44. Ke4 {[%clk 0:16:46]} Qg2+ {[%clk 0:38:53]} 45. Ke3 {[%clk 0:16:54]} d5
{[%clk 0:37:26]} 46. cxd5 {[%clk 0:13:41]} Nxd5+ {[%clk 0:37:20]} 47. Kd3
{[%clk 0:13:48]} Qh3+ {[%clk 0:32:02]} 48. Kd2 {[%clk 0:12:58]} Qh6+ {[%clk
0:30:14]} 49. Kd3 {[%clk 0:10:12]} Qh3+ {[%clk 0:30:24]} 50. Kd2 {[%clk
0:10:39]} Qc3+ {[%clk 0:29:38]} 51. Ke2 {[%clk 0:11:07]} Qe3+ {[%clk 0:29:22]}
52. Kf1 {[%clk 0:11:34]} Qf4+ {[%clk 0:28:58]} 53. Ke1 {[%clk 0:10:10]} Qb4+
{[%clk 0:27:46]} 54. Kf2 {[%clk 0:08:04]} Qh4+ {[%clk 0:27:55]} 55. Kg1 {[%clk
0:08:00]} Nf4 {[%clk 0:27:13]} 56. Kf1 {[%clk 0:03:28]} Kg7 {[%clk 0:23:56]}
57. Qd7+ {[%clk 0:02:40]} Kh6 {[%clk 0:24:24]} 58. Qxb7 {[%clk 0:03:08]} Qh3+
{[%clk 0:21:11]} 59. Kf2 {[%clk 0:03:01]} Qh4+ {[%clk 0:20:12]} 60. Ke3 {[%clk
0:00:55]} Qh3+ {[%clk 0:20:03]} 61. Qf3 {[%clk 0:00:37]} Qc8 {[%clk 0:19:22]}
62. Kd2 {[%clk 0:00:32]} Qc5 {[%clk 0:18:45]} 63. Re1 {[%clk 0:00:33]} Qa5+
{[%clk 0:18:48]} 64. Qc3 {[%clk 0:00:39]} Qxa2+ {[%clk 0:19:13]} 65. Kd1 {[%clk
0:00:42]} Qb1+ {[%clk 0:18:42]} 66. Kd2 {[%clk 0:01:05]} Qa2+ {[%clk 0:18:33]}
67. Kd1 {[%clk 0:01:08]} e4 {[%clk 0:16:10]} 68. h4 {[%clk 0:00:36]} Qb1+
{[%clk 0:10:59]} 69. Kd2 {[%clk 0:00:38]} e3+ {[%clk 0:09:52]} 70. Qxe3 {[%clk
0:00:36]} Qb2+ {[%clk 0:10:09]} 71. Kd1 {[%clk 0:01:04]} Qb1+ {[%clk 0:09:59]}
72. Kd2 {[%clk 0:01:32]} Qb2+ {[%clk 0:10:23]} 1/2-1/2

[Event "DEM U16 2020"]
[Site "Willingen GER"]
[Date "2020.10.24"]
[Round "7"]
[White "Dobrikov, Marco"]
[Black "Pubantz, Jan"]
[Result "0-1"]
[Termination "normal"]
[Board "5"]
[WhiteElo "2332"]
[BlackElo "2295"]
[WhiteClock "00:17:53"]
[BlackClock "00:03:17"]
[PlyCount "132"]
[WhiteFideId "12950378"]
[BlackFideId "12996114"]
[EventCountry "GER"]
[EventRounds "7"]
[EventType "swiss"]
[EventDate "2020.10.19"]

1. e4 {[%clk 1:30:57]} c6 {[%clk 1:30:56]} 2. Nc3 {[%clk 1:31:22]} d5 {[%clk
1:31:21]} 3. Nf3 {[%clk 1:31:49]} dxe4 {[%clk 1:31:43]} 4. Nxe4 {[%clk
1:32:15]} Nf6 {[%clk 1:32:05]} 5. Qe2 {[%clk 1:32:42]} Nxe4 {[%clk 1:32:18]} 6.
Qxe4 {[%clk 1:33:08]} Nd7 {[%clk 1:32:08]} 7. Bc4 {[%clk 1:31:40]} Nf6 {[%clk
1:32:02]} 8. Ne5 {[%clk 1:31:00]} e6 {[%clk 1:32:14]} 9. Qe2 {[%clk 1:31:24]}
b5 {[%clk 1:31:19]} 10. Bb3 {[%clk 1:29:15]} Qc7 {[%clk 1:28:58]} 11. d4 {[%clk
1:25:00]} Bd6 {[%clk 1:28:33]} 12. a4 {[%clk 1:19:30]} a6 {[%clk 1:07:51]} 13.
Bf4 {[%clk 1:13:15]} O-O {[%clk 1:04:19]} 14. Bg3 {[%clk 1:12:32]} Bb7 {[%clk
0:56:48]} 15. O-O {[%clk 1:08:08]} c5 {[%clk 0:47:22]} 16. axb5 {[%clk
0:49:11]} axb5 {[%clk 0:34:05]} 17. Rxa8 {[%clk 0:47:37]} Bxa8 {[%clk 0:34:34]}
18. dxc5 {[%clk 0:43:57]} Qxc5 {[%clk 0:28:41]} 19. Ra1 {[%clk 0:31:05]} Ne4
{[%clk 0:18:16]} 20. Nd3 {[%clk 0:25:59]} Nxg3 {[%clk 0:16:36]} 21. hxg3 {[%clk
0:26:28]} Qc6 {[%clk 0:15:39]} 22. Ne1 {[%clk 0:23:18]} Bb7 {[%clk 0:14:40]}
23. Nf3 {[%clk 0:23:25]} Be7 {[%clk 0:12:54]} 24. c3 {[%clk 0:22:21]} Ra8
{[%clk 0:09:49]} 25. Rd1 {[%clk 0:21:59]} Bf6 {[%clk 0:08:50]} 26. Qd2 {[%clk
0:17:42]} g6 {[%clk 0:06:52]} 27. Qf4 {[%clk 0:17:09]} Kg7 {[%clk 0:04:18]} 28.
g4 {[%clk 0:15:47]} g5 {[%clk 0:02:53]} 29. Qe3 {[%clk 0:12:53]} Qe4 {[%clk
0:02:48]} 30. Qb6 {[%clk 0:07:05]} Rb8 {[%clk 0:02:05]} 31. Qc7 {[%clk
0:03:16]} Qxg4 {[%clk 0:01:06]} 32. Bxe6 {[%clk 0:02:45]} Qxe6 {[%clk 0:01:16]}
33. Qxb8 {[%clk 0:02:36]} Bxf3 {[%clk 0:01:41]} 34. gxf3 {[%clk 0:02:52]} Qe2
{[%clk 0:01:35]} 35. Qd6 {[%clk 0:00:55]} Qxb2 {[%clk 0:01:39]} 36. Rd3 {[%clk
0:00:57]} Bxc3 {[%clk 0:01:20]} 37. Kg2 {[%clk 0:00:59]} Be5 {[%clk 0:00:57]}
38. Qe7 {[%clk 0:00:41]} Bf6 {[%clk 0:01:18]} 39. Qb7 {[%clk 0:00:37]} b4
{[%clk 0:01:22]} 40. Rd7 {[%clk 0:00:46]} Qb3 {[%clk 0:01:45]} 41. Qe4 {[%clk
0:29:47]} h6 {[%clk 0:21:18]} 42. Rb7 {[%clk 0:29:19]} Bc3 {[%clk 0:13:56]} 43.
Rb6 {[%clk 0:28:27]} Qa2 {[%clk 0:05:38]} 44. Qc6 {[%clk 0:21:26]} Qe6 {[%clk
0:05:36]} 45. Qxe6 {[%clk 0:21:10]} fxe6 {[%clk 0:06:04]} 46. Rxe6 {[%clk
0:21:39]} b3 {[%clk 0:06:10]} 47. Rb6 {[%clk 0:21:06]} b2 {[%clk 0:06:31]} 48.
f4 {[%clk 0:18:56]} gxf4 {[%clk 0:05:46]} 49. Kf3 {[%clk 0:19:11]} Bd4 {[%clk
0:06:05]} 50. Rb4 {[%clk 0:19:26]} Kg6 {[%clk 0:06:06]} 51. Rb5 {[%clk
0:18:51]} h5 {[%clk 0:05:32]} 52. Kg2 {[%clk 0:19:14]} Kf6 {[%clk 0:04:29]} 53.
f3 {[%clk 0:19:34]} Ke6 {[%clk 0:04:12]} 54. Kh3 {[%clk 0:19:23]} Bf6 {[%clk
0:03:59]} 55. Kg2 {[%clk 0:18:31]} Kd6 {[%clk 0:04:11]} 56. Kf2 {[%clk
0:18:35]} Kc6 {[%clk 0:04:28]} 57. Rb8 {[%clk 0:18:15]} Kc5 {[%clk 0:02:34]}
58. Ke2 {[%clk 0:17:55]} h4 {[%clk 0:02:41]} 59. Kf2 {[%clk 0:16:45]} Bc3
{[%clk 0:01:44]} 60. Rc8+ {[%clk 0:16:56]} Kd5 {[%clk 0:01:30]} 61. Rd8+ {[%clk
0:16:18]} Kc4 {[%clk 0:01:55]} 62. Rd1 {[%clk 0:16:40]} Kb3 {[%clk 0:02:08]}
63. Kg2 {[%clk 0:16:42]} Kc2 {[%clk 0:02:24]} 64. Rf1 {[%clk 0:17:04]} b1=Q
{[%clk 0:02:33]} 65. Rxb1 {[%clk 0:17:26]} Kxb1 {[%clk 0:02:57]} 66. Kh3 {[%clk
0:17:53]} Be1 {[%clk 0:03:17]} 0-1

[Event "DEM U16 2020"]
[Site "Willingen GER"]
[Date "2020.10.24"]
[Round "7"]
[White "Weihrauch, Jakob"]
[Black "Sulayev, Daniel"]
[Result "1/2-1/2"]
[Termination "normal"]
[Board "6"]
[WhiteElo "2184"]
[BlackElo "2193"]
[WhiteClock "00:40:19"]
[BlackClock "00:23:10"]
[PlyCount "49"]
[WhiteFideId "16210115"]
[BlackFideId "12977675"]
[EventCountry "GER"]
[EventRounds "7"]
[EventType "swiss"]
[EventDate "2020.10.19"]

1. e4 {[%clk 1:30:55]} c5 {[%clk 1:30:31]} 2. Nf3 {[%clk 1:31:17]} Nc6 {[%clk
1:30:56]} 3. d4 {[%clk 1:31:36]} cxd4 {[%clk 1:31:21]} 4. Nxd4 {[%clk 1:31:58]}
e5 {[%clk 1:31:29]} 5. Nb5 {[%clk 1:32:18]} d6 {[%clk 1:31:14]} 6. c4 {[%clk
1:32:19]} Be7 {[%clk 1:31:31]} 7. N1c3 {[%clk 1:32:20]} a6 {[%clk 1:31:52]} 8.
Na3 {[%clk 1:32:37]} f5 {[%clk 1:31:51]} 9. exf5 {[%clk 1:33:01]} Bxf5 {[%clk
1:32:09]} 10. Nc2 {[%clk 1:33:24]} Nf6 {[%clk 1:32:21]} 11. Ne3 {[%clk
1:33:40]} Be6 {[%clk 1:32:38]} 12. Bd3 {[%clk 1:21:14]} O-O {[%clk 1:30:55]}
13. O-O {[%clk 1:18:25]} Qd7 {[%clk 1:00:01]} 14. Ne4 {[%clk 1:16:10]} Nd4
{[%clk 0:47:15]} 15. Nxf6+ {[%clk 1:13:40]} Bxf6 {[%clk 0:42:06]} 16. Be4
{[%clk 1:12:46]} Rac8 {[%clk 0:41:06]} 17. Qd3 {[%clk 1:09:52]} g6 {[%clk
0:39:24]} 18. Nd5 {[%clk 1:08:49]} b5 {[%clk 0:30:49]} 19. b3 {[%clk 1:05:35]}
bxc4 {[%clk 0:30:51]} 20. bxc4 {[%clk 1:05:53]} Rb8 {[%clk 0:26:51]} 21. Ba3
{[%clk 1:03:07]} Bg7 {[%clk 0:25:50]} 22. Rab1 {[%clk 0:56:27]} Kh8 {[%clk
0:23:05]} 23. Rxb8 {[%clk 0:54:13]} Rxb8 {[%clk 0:23:34]} 24. Rb1 {[%clk
0:54:21]} Qd8 {[%clk 0:23:10]} 25. h3 {[%clk 0:40:19]} 1/2-1/2

[Event "DEM U16 2020"]
[Site "Willingen GER"]
[Date "2020.10.24"]
[Round "7"]
[White "Lohvinov, Petro"]
[Black "Reimer, Philip"]
[Result "1-0"]
[Termination "normal"]
[Board "7"]
[WhiteElo "2152"]
[BlackElo "1984"]
[WhiteClock "00:46:00"]
[BlackClock "00:03:21"]
[PlyCount "111"]
[WhiteFideId "14176661"]
[BlackFideId "16235860"]
[EventCountry "GER"]
[EventRounds "7"]
[EventType "swiss"]
[EventDate "2020.10.19"]

1. e4 {[%clk 1:30:57]} c5 {[%clk 1:30:54]} 2. Nf3 {[%clk 1:31:25]} Nc6 {[%clk
1:31:19]} 3. d4 {[%clk 1:31:45]} cxd4 {[%clk 1:31:46]} 4. Nxd4 {[%clk 1:32:12]}
Nf6 {[%clk 1:32:10]} 5. Nc3 {[%clk 1:32:38]} e5 {[%clk 1:32:38]} 6. Ndb5 {[%clk
1:33:00]} d6 {[%clk 1:33:05]} 7. Bg5 {[%clk 1:33:24]} a6 {[%clk 1:33:31]} 8.
Na3 {[%clk 1:33:51]} b5 {[%clk 1:33:57]} 9. Nd5 {[%clk 1:34:18]} Be7 {[%clk
1:34:21]} 10. Bxf6 {[%clk 1:34:37]} Bxf6 {[%clk 1:34:47]} 11. c3 {[%clk
1:34:56]} O-O {[%clk 1:35:11]} 12. Nc2 {[%clk 1:35:22]} Rb8 {[%clk 1:35:37]}
13. h4 {[%clk 1:35:36]} g6 {[%clk 1:36:02]} 14. h5 {[%clk 1:21:42]} Bg5 {[%clk
1:36:09]} 15. Be2 {[%clk 1:21:24]} Be6 {[%clk 1:27:51]} 16. a3 {[%clk 1:14:42]}
Ne7 {[%clk 1:21:06]} 17. Ncb4 {[%clk 1:13:32]} Nxd5 {[%clk 1:10:51]} 18. Nxd5
{[%clk 0:50:02]} Qd7 {[%clk 0:59:34]} 19. Qd3 {[%clk 0:46:36]} Kg7 {[%clk
0:54:23]} 20. Rd1 {[%clk 0:43:54]} f5 {[%clk 0:40:07]} 21. hxg6 {[%clk
0:42:13]} hxg6 {[%clk 0:36:32]} 22. exf5 {[%clk 0:41:06]} Bxd5 {[%clk 0:36:14]}
23. Qh3 {[%clk 0:24:17]} Qxf5 {[%clk 0:15:24]} 24. Qxf5 {[%clk 0:21:03]} gxf5
{[%clk 0:11:55]} 25. Rxd5 {[%clk 0:21:31]} Be7 {[%clk 0:09:56]} 26. Kd2 {[%clk
0:18:31]} Rh8 {[%clk 0:09:46]} 27. Rxh8 {[%clk 0:18:55]} Rxh8 {[%clk 0:10:11]}
28. a4 {[%clk 0:19:17]} bxa4 {[%clk 0:09:04]} 29. Ra5 {[%clk 0:19:39]} Rh2
{[%clk 0:04:05]} 30. Bf1 {[%clk 0:19:34]} Rh4 {[%clk 0:03:39]} 31. Rxa6 {[%clk
0:18:21]} Kf7 {[%clk 0:03:37]} 32. g3 {[%clk 0:18:12]} Rh2 {[%clk 0:02:55]} 33.
Bc4+ {[%clk 0:15:50]} Kf6 {[%clk 0:02:05]} 34. Ke2 {[%clk 0:15:45]} Kg5 {[%clk
0:02:03]} 35. Bd5 {[%clk 0:15:33]} Rh8 {[%clk 0:01:06]} 36. Rxa4 {[%clk
0:15:49]} Rb8 {[%clk 0:01:30]} 37. b4 {[%clk 0:14:47]} Rb6 {[%clk 0:01:29]} 38.
c4 {[%clk 0:13:31]} e4 {[%clk 0:00:48]} 39. b5 {[%clk 0:13:29]} Bf6 {[%clk
0:00:44]} 40. Ke3 {[%clk 0:11:56]} Rb8 {[%clk 0:00:51]} 41. Ra8 {[%clk
0:10:52]} Rxa8 {[%clk 0:28:11]} 42. Bxa8 {[%clk 0:41:51]} Bd8 {[%clk 0:28:03]}
43. Bxe4 {[%clk 0:42:11]} Bb6+ {[%clk 0:27:14]} 44. Kf3 {[%clk 0:42:24]} fxe4+
{[%clk 0:26:00]} 45. Kxe4 {[%clk 0:42:53]} Bxf2 {[%clk 0:23:33]} 46. Kd5 {[%clk
0:43:15]} Kf6 {[%clk 0:12:01]} 47. g4 {[%clk 0:43:15]} Bc5 {[%clk 0:11:26]} 48.
Kc6 {[%clk 0:42:59]} Ke5 {[%clk 0:06:53]} 49. g5 {[%clk 0:43:21]} Kf5 {[%clk
0:05:14]} 50. b6 {[%clk 0:43:35]} Kxg5 {[%clk 0:05:14]} 51. b7 {[%clk 0:44:01]}
Ba7 {[%clk 0:05:24]} 52. Kxd6 {[%clk 0:44:29]} Kf5 {[%clk 0:03:38]} 53. c5
{[%clk 0:44:55]} Bb8+ {[%clk 0:03:16]} 54. Kd7 {[%clk 0:45:13]} Ke5 {[%clk
0:03:20]} 55. c6 {[%clk 0:45:38]} Kd5 {[%clk 0:03:21]} 56. c7 {[%clk 0:46:00]}
1-0

[Event "DEM U16 2020"]
[Site "Willingen GER"]
[Date "2020.10.24"]
[Round "7"]
[White "Nguyen, Alex Dac-Vuong"]
[Black "Hommel, Niclas"]
[Result "1/2-1/2"]
[Termination "normal"]
[Board "8"]
[WhiteTitle "FM"]
[WhiteElo "2343"]
[BlackElo "2047"]
[WhiteClock "00:23:32"]
[BlackClock "00:07:06"]
[PlyCount "65"]
[WhiteFideId "12984388"]
[BlackFideId "12974927"]
[EventCountry "GER"]
[EventRounds "7"]
[EventType "swiss"]
[EventDate "2020.10.19"]

1. e4 {[%clk 1:30:58]} c5 {[%clk 1:30:55]} 2. Nf3 {[%clk 1:31:23]} d6 {[%clk
1:31:22]} 3. d4 {[%clk 1:31:49]} cxd4 {[%clk 1:31:48]} 4. Nxd4 {[%clk 1:32:16]}
Nf6 {[%clk 1:32:11]} 5. f3 {[%clk 1:32:42]} e5 {[%clk 1:32:36]} 6. Nb3 {[%clk
1:33:09]} Be6 {[%clk 1:33:01]} 7. c4 {[%clk 1:33:33]} Nbd7 {[%clk 1:33:28]} 8.
Nc3 {[%clk 1:33:54]} Rc8 {[%clk 1:33:52]} 9. Be3 {[%clk 1:34:20]} Bxc4 {[%clk
1:34:17]} 10. Bxc4 {[%clk 1:34:47]} Rxc4 {[%clk 1:34:40]} 11. Qd3 {[%clk
1:35:12]} Rc6 {[%clk 1:35:05]} 12. g4 {[%clk 1:29:56]} Be7 {[%clk 1:15:06]} 13.
O-O-O {[%clk 1:29:33]} a6 {[%clk 0:59:24]} 14. Kb1 {[%clk 1:27:06]} b5 {[%clk
0:58:23]} 15. h4 {[%clk 1:17:20]} b4 {[%clk 0:54:23]} 16. Nd5 {[%clk 1:17:35]}
Nxd5 {[%clk 0:51:45]} 17. exd5 {[%clk 1:15:34]} Rc8 {[%clk 0:50:11]} 18. Qxa6
{[%clk 1:15:15]} O-O {[%clk 0:49:46]} 19. Rc1 {[%clk 1:12:32]} Ra8 {[%clk
0:47:28]} 20. Qb5 {[%clk 1:12:22]} f5 {[%clk 0:45:34]} 21. g5 {[%clk 1:07:54]}
Rb8 {[%clk 0:38:26]} 22. Qa4 {[%clk 1:06:33]} Rf7 {[%clk 0:30:23]} 23. Rc6
{[%clk 1:02:38]} Bf8 {[%clk 0:26:23]} 24. Rhc1 {[%clk 1:02:05]} f4 {[%clk
0:17:32]} 25. Bf2 {[%clk 0:47:46]} e4 {[%clk 0:17:57]} 26. fxe4 {[%clk
0:48:06]} Ne5 {[%clk 0:18:23]} 27. R6c2 {[%clk 0:47:24]} Nd3 {[%clk 0:09:31]}
28. Rd1 {[%clk 0:39:56]} Nxf2 {[%clk 0:09:09]} 29. Rxf2 {[%clk 0:40:21]} Qb6
{[%clk 0:09:37]} 30. Rf3 {[%clk 0:37:30]} Rc8 {[%clk 0:09:33]} 31. Qa5 {[%clk
0:36:55]} Qb7 {[%clk 0:07:39]} 32. Rd4 {[%clk 0:33:32]} Qd7 {[%clk 0:07:06]}
33. Qa6 {[%clk 0:23:32]} 1/2-1/2